| 000 | 00781nac a22002291u 4500 | ||
|---|---|---|---|
| 020 | _a0131911821 (pbk.) | ||
| 082 |
_a530 _bF5327 |
||
| 090 |
_c1386 _d1386 |
||
| 100 | _aFishbane, Paul M. | ||
| 245 |
_aPhysics : _bfor scientists and engineers : with modern physics / _cPaul M. Fishbane, Stephen G. Gasiorowicz, Stephen T. Thornton. |
||
| 250 | _a3rd ed., International ed. | ||
| 260 |
_aUpper Saddle River, N.J. : _bPearson Prentice Hall, _cc2005. |
||
| 500 | _aPrevious ed.: 1996. | ||
| 500 | _aIncludes index. | ||
| 650 | _aPhysics. | ||
| 700 | _aGasiorowicz, Stephen. | ||
| 700 | _aThornton, Stephen T. | ||
| 942 |
_cBB _k530F5327 _hRDA-MOD |
||
| 999 |
_c1386 _d1386 |
||
| 336 |
_2rdacontent _atext _btxt |
||
| 337 |
_aunmediated _2rdamedia _bn |
||
| 338 |
_avolume _bnc _2rdacarrier |
||